Central Library OPAC University of Rajshahi

Retail management : (Record no. 53494)

MARC details
000 -LEADER
fixed length control field 00745nam a2200253 a 4500
001 - CONTROL NUMBER
control field 53494
003 - CONTROL NUMBER IDENTIFIER
rucl marc code BD-RjUL
005 - DATE AND TIME OF LATEST TRANSACTION
control field 20211209075954.0
008 - FIXED-LENGTH DATA ELEMENTS--GENERAL INFORMATION
fixed length control field 161016r20072006njua b 001 0 eng
020 ## - INTERNATIONAL STANDARD BOOK NUMBER
International Standard Book Number 8177581120
035 ## - SYSTEM CONTROL NUMBER
System control number (BD-RjUL)53615
040 ## - CATALOGING SOURCE
Original cataloging agency DLC
Transcribing agency DLC
Modifying agency DLC
Language of cataloging eng
041 ## - LANGUAGE CODE
Language code of text/sound track or separate title eng
082 00 - DEWEY DECIMAL CLASSIFICATION NUMBER
Classification number 658.87
Edition number 23
Author mark and year BER 2007
100 1# - MAIN ENTRY--PERSONAL NAME
Personal name Berman, Barry.
9 (RLIN) 159912
245 10 - TITLE STATEMENT
Title Retail management :
Remainder of title a strategic approach /
Statement of responsibility, etc. Barry Berman, Joel R. Evans.
250 ## - EDITION STATEMENT
Edition statement 9th ed.
260 ## - PUBLICATION, DISTRIBUTION, ETC. (IMPRINT)
Place of publication, distribution, etc. India :
Name of publisher, distributor, etc. Prentice Hall,
Date of publication, distribution, etc. c2004.
300 ## - PHYSICAL DESCRIPTION
Pagination 602 p. :
Illustrations ill. ;
Size 29 cm.
504 ## - BIBLIOGRAPHY, ETC. NOTE
Bibliography, etc Includes bibliographical references and indexes.
650 #0 - SUBJECT ADDED ENTRY--TOPICAL TERM
Topical term or geographic name as entry element Retail trade
General subdivision Management.
9 (RLIN) 159913
700 1# - ADDED ENTRY--PERSONAL NAME
Personal name Evans, Joel R.
942 ## - ADDED ENTRY ELEMENTS (KOHA)
Source of classification or shelving scheme Dewey Decimal Classification
Koha item type Books
Holdings
Lost status Source of classification or shelving scheme Damaged status Not for loan Collection code Permanent Location Current Location Shelving location Date acquired Source of acquisition Cost, normal purchase price Total Checkouts Full call number Date last seen Copy number Koha item type
  Dewey Decimal Classification     Non-fiction Central Library, University of Rajshahi Central Library, University of Rajshahi   03/06/2008 Dhaka,Paragon Enterprise Lit., 395.00   658.87 BER 2007 16/10/2016 C-2 Books
  Dewey Decimal Classification   Not For Loan Non-fiction Central Library, University of Rajshahi Central Library, University of Rajshahi Reading Room 03/06/2008 Dhaka,Paragon Enterprise Lit., 395.00   658.87 BER 2007 24/01/2017 C-1 Books
  Dewey Decimal Classification     Non-fiction Central Library, University of Rajshahi Central Library, University of Rajshahi   03/06/2008 Paragon Interprise , Dhaka 395.00   658.87 BER 2007 03/11/2019 C-3 Books
  Dewey Decimal Classification     Non-fiction Central Library, University of Rajshahi Central Library, University of Rajshahi   03/06/2008 Paragon Interprise , Dhaka 395.00   658.87 BER 2007 03/11/2019 C-4 Books